Présidents de la Cinquième République et leurs Premiers Ministres - Statistiques

Statistiques générales
  • Ce quiz a été pris 1 515 fois
    762 depuis la dernière actualisation
  • Le résultat moyen est 26 sur 35
Statistiques - réponses
Réponse % Correct
Charles de Gaulle
100%
Georges Pompidou
98%
Jacques Chirac
98%
Jacques Chirac
98%
Emmanuel Macron
97%
François Hollande
97%
François Mitterrand
97%
Nicolas Sarkozy
97%
Valéry Giscard d'Estaing
95%
Elisabeth Borne
90%
Gabriel Attal
88%
Sébastien Lecornu
88%
François Bayrou
86%
Edouard Philippe
85%
Jean Castex
82%
Michel Barnier
81%
Manuel Valls
76%
François Fillon
75%
Lionel Jospin
75%
Michel Debré
71%
Edith Cresson
64%
Dominique de Villepin
61%
Bernard Cazeneuve
59%
Edouard Balladur
59%
Alain Juppé
57%
Jean-Marc Ayrault
55%
Pierre Bérégovoy
52%
Jacques Chaban-Delmas
51%
Laurent Fabius
50%
Michel Rocard
50%
Jean-Pierre Raffarin
48%
Pierre Mauroy
48%
Maurice Couve de Murville
46%
Raymond Barre
44%
Pierre Messmer
40%
Aucun quiz correspondant
Distribution des résultats
% des personnes avec chaque résultat
Percentile par nombre de réponses
Votre historique - résultats
Vous n’avez pas pris ce quiz depuis la dernière actualisation